BIBLIOTECA PODER JUDICIAL
Portal Judicial TDF

El error de diagnóstico, la concausa y la responsabilidad profesional / (Registro nro. 5668)

000 -LEADER
fixed length control field 01451nab a22002657a 4500
003 - CONTROL NUMBER IDENTIFIER
control field OSt
005 - DATE AND TIME OF LATEST TRANSACTION
control field 20251226215835.0
008 - FIXED-LENGTH DATA ELEMENTS--GENERAL INFORMATION
fixed length control field 190603e xxum|||| |||| 00| 0 spa d
040 ## - CATALOGING SOURCE
Transcribing agency PJ
100 ## - MAIN ENTRY--PERSONAL NAME
9 (RLIN) 3788
Personal name Lovece, Graciela
245 13 - TITLE STATEMENT
Title El error de diagnóstico, la concausa y la responsabilidad profesional /
Statement of responsibility, etc Graciela Lovece.
260 ## - PUBLICATION, DISTRIBUTION, ETC. (IMPRINT)
Date of publication, distribution, etc Ciudad Autónoma de Buenos Aires :
Place of publication, distribution, etc Thomson Reuters La Ley,
Name of publisher, distributor, etc 2025.
300 ## - PHYSICAL DESCRIPTION
Extent p. 242-248
500 ## - GENERAL NOTE
General note Cita: TR LALEY AR/DOC/51/2025 <br/>Publicado en: RCCyC 2025 (junio).
505 ## - FORMATTED CONTENTS NOTE
Formatted contents note Sumario: I. Introducción.— II. Los hechos del caso.— III. Las etapas diagnósticas y el error.— IV. La responsabilidad profesional e institucional.— V. Las dificultades probatorias.— VI. La duración del proceso y el criterio de razonabilidad judicial.
505 ## - FORMATTED CONTENTS NOTE
Formatted contents note Fallo comentado: CNCiv., sala J ~ 02/09/2024 ~ C. de B., A. M. y otros c. A., L. G. y otros s/ daños y perjuicios - resp. prof. médicos y aux.
505 ## - FORMATTED CONTENTS NOTE
Title ¿Te interesa el texto completo? Solicitalo al correo: koha@justierradelfuego.gov.ar
650 #0 - SUBJECT ADDED ENTRY--TOPICAL TERM
9 (RLIN) 1497
Topical term or geographic name as entry element CODIGO CIVIL Y COMERCIAL
650 #0 - SUBJECT ADDED ENTRY--TOPICAL TERM
9 (RLIN) 1467
Topical term or geographic name as entry element RESPONSABILIDAD CIVIL
650 #0 - SUBJECT ADDED ENTRY--TOPICAL TERM
9 (RLIN) 2823
Topical term or geographic name as entry element DAÑOS Y PERJUICIOS
650 #0 - SUBJECT ADDED ENTRY--TOPICAL TERM
9 (RLIN) 3713
Topical term or geographic name as entry element RESPONSABILIDAD MÉDICA
650 #0 - SUBJECT ADDED ENTRY--TOPICAL TERM
9 (RLIN) 3481
Topical term or geographic name as entry element DIAGNÓSTICO MÉDICO
773 0# - HOST ITEM ENTRY
Host Biblionumber 2713
Host Itemnumber 3170
Place, publisher, and date of publication Ciudad Autónoma de Buenos Aires : Thomson Reuters La Ley, 2015-
Title Revista Código Civil y Comercial. Nº 3 - Junio 2025
942 ## - ADDED ENTRY ELEMENTS (KOHA)
Source of classification or shelving scheme
Koha item type Analítica Artículo de Revista

No hay ítems disponibles.

12 de Octubre 789 Ushuaia - Tel:  54(02901)441571
Horario de Atención: 8.00 a 17.00 hs. 
bibliotecaush@justierradelfuego.gov.ar
koha@justierradelfuego.gov.ar
Seguinos en nuestras redes @bibliojustdf 

Con tecnología Koha